000 00548nac a22001811u 4500
020 _a1841120340
082 _a658.4012
_bKOC
090 _c5561
_d5561
100 _aKoch, Richard,
245 _aSmart things to know about strategy /
_c Richard Koch.
260 _aOxford :
_b Capstone, 1999.
_c1999
300 _axiv,232p. ;
_c 21cm.
500 _aIncludes index.
500 _adistributer: Al-Ahram
511 _acatalogued by: wessam
650 _aStrategic planning.
942 _cBB
_k658.4012 KOC
999 _c5561
_d5561